The Paintings of Jan Vermeer. (Record no. 5183)
[ view plain ]
| 000 -CABECERA | |
|---|---|
| campo de control de longitud fija | 00580nam a2200193 a 4500 |
| 001 - NÚMERO DE CONTROL | |
| campo de control | BRCA_5489 |
| 005 - FECHA Y HORA DE LA ÚLTIMA TRANSACCIÓN | |
| campo de control | 20190320205112.0 |
| 008 - DATOS DE LONGITUD FIJA--INFORMACIÓN GENERAL | |
| campo de control de longitud fija | 020211s1940----enka######---#000-0#eng-# |
| 050 #4 - SIGNATURA TOPOGRÁFICA DE LA BIBLIOTECA DEL CONGRESO | |
| Número de clasificación | ND653.M43 |
| Número de documento/Ítem | .P34 1940 |
| 245 10 - MENCIÓN DE TÍTULO | |
| Título | The Paintings of Jan Vermeer. |
| 260 ## - PUBLICACIÓN, DISTRIBUCIÓN, ETC. | |
| Lugar de publicación, distribución, etc. | Londres |
| Nombre del editor, distribuidor, etc. | George, Allen & Unwin |
| Fecha de publicación, distribución, etc. | 1940 |
| 300 ## - DESCRIPCIÓN FÍSICA | |
| Extensión | 14 p. |
| Otras características físicas | il. (algunas a color) |
| Dimensiones | 35 cm. |
| 500 ## - NOTA GENERAL | |
| Nota general | Incluye índice de pinturas e índice de museos y pinturas |
| 500 ## - NOTA GENERAL | |
| Nota general | E166 |
| 600 14 - PUNTO DE ACCESO ADICIONAL DE MATERIA--NOMBRE DE PERSONA | |
| Nombre de persona | Meer, Jan van der |
| Fechas asociadas al nombre | 1632-1675 |
| 9 (RLIN) | 14028 |
| 650 14 - PUNTO DE ACCESO ADICIONAL DE MATERIA--TÉRMINO DE MATERIA | |
| Término de materia o nombre geográfico como elemento de entrada | Pintores holandeses |
| 9 (RLIN) | 14029 |
| 902 ## - CATALOGADOR | |
| Iniciales | GFM |
| 942 ## - ELEMENTOS DE PUNTO DE ACCESO ADICIONAL (KOHA) | |
| Fuente del sistema de clasificación o colocación | Library of Congress Classification |
| Tipo de ítem Koha | Libros |
| Estado de retiro | Estado de pérdida | Estado dañado | No para préstamo | Localización permanente | Ubicación/localización actual | Fecha de adquisición | Número de inventario | Total de préstamos | Signatura topográfica completa | Código de barras | Fecha visto por última vez | Precio válido a partir de | Tipo de ítem Koha |
|---|---|---|---|---|---|---|---|---|---|---|---|---|---|
| El ejemplar forma parte de la colección y puede ser consultado según las políticas vigentes. | Biblioteca del Museo Franz Mayer (Rogerio Casas-Alatriste) | Biblioteca del Museo Franz Mayer (Rogerio Casas-Alatriste) | 02/02/2011 | E166 | ND653.M43 .P34 1940 (E166) | 5925 | 22/03/2019 | 22/03/2019 | Libros |